00543nam a2200181Ii 45000010005000000030009000050080041000140400033000550410008000880820018000961000026001142450083001402640045002233000012002683360026002803370028003063380027003348330CO-ViMGA241108s9999||||xx |||||||||||||| ||und|| aCO-ViMGAbspaerdacCO-ViMGA0 aspa04a327.861 P153c1 aMarco; comp. Palacios10aColombia no alineada:bmemoria de un foro y declaración de Nueva Delhi, 1983 1aBogotá, Colombia : Banco Popular, 1983 avolumen atextbtxt2rdacontent aunmediatedbn2rdamedia avolumebnc2rdacarrier